Stadtwappen Deutschland - Statistiken

Allgemein
  • Dieses Quiz wurde 186 mal gespielt
  • Das Durchschnittsergebnis liegt bei 11 aus 16
Antwortstatistiken
Bildquiz Antwort % Korrekt
Berlin
95%
Hamburg
95%
Augsburg
90%
Bremen
86%
München
81%
Köln
80%
Stuttgart
79%
Kiel
68%
Frankfurt am Main
66%
Dortmund
62%
Dresden
56%
Leipzig
56%
Nürnberg
49%
Düsseldorf
46%
Hannover
40%
Braunschweig
31%
Keine übereinstimmenden Quizze gefunden
Verteilung der Resultate
Anzahl Personen mit jedem Resultat
Perzentil nach korrekt beantworteten Fragen
Ihre Resultats-Entwicklung
Sie haben dieses Quiz noch nicht gespielt